Finančné bubliny - vo svetle burzovej bubliny v USA v 90. rokoch 20. storočia

Vymedzenie pojmu finančné bubliny. Priebeh a následky finančnej bubliny. Faktory zapríčiňujúce vznik finančnej bubliny. Nasdaq - trh zameraný na nové technológie. Dotcomové šialenstvo. Úloha investičných bánk. Záujem o akcie, analytici a masmédiá. Internetová bublina na amerických finančných trhoch...

Ausführliche Beschreibung

Gespeichert in:
Bibliographische Detailangaben
1. Verfasser: Dudáš, Tomáš, 1976-
Format: Buchkapitel
Sprache:Slowakisch
Schlagworte:
Tags: Tag hinzufügen
Keine Tags, Fügen Sie das erste Tag hinzu!

MARC

LEADER 00000naa$a2200000$$$4500
001 0026139
005 20240502071424.5
041 0 |a slo 
044 |a SK 
245 1 0 |a Finančné bubliny - vo svetle burzovej bubliny v USA v 90. rokoch 20. storočia  |c Tomáš Dudáš 
520 |a Vymedzenie pojmu finančné bubliny. Priebeh a následky finančnej bubliny. Faktory zapríčiňujúce vznik finančnej bubliny. Nasdaq - trh zameraný na nové technológie. Dotcomové šialenstvo. Úloha investičných bánk. Záujem o akcie, analytici a masmédiá. Internetová bublina na amerických finančných trhoch. 
610 2 0 |a trh finančný 
610 2 0 |a burzy 
610 2 0 |a kríza 
610 2 0 |a USA 
610 2 0 |a investovanie 
610 2 0 |a ekonomika nová 
610 2 0 |a firmy 
610 2 0 |a internet 
610 2 0 |a obchod elektronický 
610 2 0 |a technológie informačné 
610 2 0 |a technológie komunikačné 
100 1 |a Dudáš, Tomáš, 1976-